000 00718nam a22001937a 4500
005 20251108173059.0
008 250721s2005 xx 000 0 ara d
082 1 4 _a956.102/ عسا
100 1 _aالعساف، مصطفى عبد الرحمن
_eمؤلف
245 1 0 _aالفكر السياسي في سورية في ظل الإنتداب الفرنسي 1920 - 1946 /
264 1 _aعمان :
_bدار زيد الكيلاني للنشر و التوزيع،
_c2005.
300 _a272ص.
650 1 7 _aتاريخ سورية
650 1 7 _aالإنتداب الفرنسي علىسورية
650 1 7 _aمعركة ميسلون1920
650 1 7 _aالثقافة السياسية
942 _2ddc
_cBK
999 _c95605
_d95605